| 000 | 00732nam a2200229Ia 4500 | ||
|---|---|---|---|
| 001 | 2417 | ||
| 003 | GE_BSU | ||
| 008 | 181216s||||||||xx |||||||||||||| ||und|| | ||
| 020 | _a9992818034 | ||
| 040 | _cGE_BSU | ||
| 080 | _a00691(075.8) | ||
| 100 | _aჟვანია, რ. | ||
| 245 | _aგამოყენებითი მეტროლოგია. | ||
| 245 | _bდამხმარე სახელმძღვანელო | ||
| 260 | _aთბილისი | ||
| 260 | _bინფორმატიზაციის ცენტრი | ||
| 260 | _c1998 | ||
| 300 | _a141 გვ. | ||
| 541 | _h6 ლ. | ||
| 653 | _aგამოყენებითი მეტროლოგია | ||
| 942 | _cBK | ||
| 999 |
_c36499 _d36499 |
||